| 000 | 00371nam a2200145Ia 4500 | ||
|---|---|---|---|
| 008 | 230917s9999||||xx |||||||||||||| ||und|| | ||
| 040 |
_e143277 _aMAIN |
||
| 041 | _aEnglish | ||
| 082 | _a954.01 A65P | ||
| 100 | _aAgnihotri, Prabhu Dayal | ||
| 245 | 0 | _aPatanjali kaleen Bharat | |
| 260 |
_aPatna _bBihar Rashtrabhasha Parishad _c1963 |
||
| 300 | _a632 p. | ||
| 942 | _cBK | ||
| 999 |
_c183565 _d183565 |
||